Enterprise information systems / (Record no. 1570)
[ view plain ]
| 000 -LEADER | |
|---|---|
| fixed length control field | 00771nac a22002171u 4500 |
| 008 - FIXED-LENGTH DATA ELEMENTS--GENERAL INFORMATION | |
| fixed length control field | 090203t xxu||||| |||| 00| 0 eng d |
| 020 ## - INTERNATIONAL STANDARD BOOK NUMBER | |
| International Standard Book Number | 007110710X |
| 020 ## - INTERNATIONAL STANDARD BOOK NUMBER | |
| International Standard Book Number | 9780071107105 |
| 035 ## - SYSTEM CONTROL NUMBER | |
| System control number | (CaONFCNI)ny4887307 |
| 082 04 - DEWEY DECIMAL CLASSIFICATION NUMBER | |
| Classification number | 658.4038011 |
| Item number | OBR |
| Edition number | 22 |
| 100 ## - MAIN ENTRY--PERSONAL NAME | |
| Personal name | O'Brien, James A. |
| 245 10 - TITLE STATEMENT | |
| Title | Enterprise information systems / |
| Statement of responsibility, etc | James O'Brien and George Marakas. |
| 250 ## - EDITION STATEMENT | |
| Edition statement | 13th ed. |
| Remainder of edition statement | McGraw- Hill international edition. |
| 260 ## - PUBLICATION, DISTRIBUTION, ETC. (IMPRINT) | |
| Place of publication, distribution, etc | London : |
| Name of publisher, distributor, etc | Higher Education, |
| Date of publication, distribution, etc | c2007. |
| 300 ## - PHYSICAL DESCRIPTION | |
| Extent | 1 v. ; |
| Dimensions | 25 cm. |
| Other physical details | col. ill. ; |
| Accompanying material | 28 cm. |
| 504 ## - BIBLIOGRAPHY, ETC. NOTE | |
| Bibliography, etc | Includes bibliographical references and index. |
| 650 ## - SUBJECT ADDED ENTRY--TOPICAL TERM | |
| Topical term or geographic name as entry element | Business |
| General subdivision | Data processing. |
| Source of heading or term | BUEsh |
| 650 ## - SUBJECT ADDED ENTRY--TOPICAL TERM | |
| Topical term or geographic name as entry element | Management |
| General subdivision | Management information systems. |
| Source of heading or term | BUEsh |
| 651 ## - SUBJECT ADDED ENTRY--GEOGRAPHIC NAME | |
| Source of heading or term | BUEsh |
| 942 ## - ADDED ENTRY ELEMENTS (KOHA) | |
| Item type | Book - Borrowing |
| Call number prefix | 658.4038OBR |
| Source of classification or shelving scheme | Dewey Decimal Classification |
| Withdrawn status | Item status | Source of classification or shelving scheme | Damaged status | Not for loan | Vendor | Home library | Current library | Shelving location | Date acquired | Source of acquisition | Total Checkouts | Full call number | Barcode | Date last seen | Koha item type | Cost, normal purchase price | Serial Enumeration / chronology | Total Renewals | Date last borrowed | Materials specified (bound volume or other part) |
|---|---|---|---|---|---|---|---|---|---|---|---|---|---|---|---|---|---|---|---|---|
| Dewey Decimal Classification | unknown | Central Library | Central Library | First floor | 06/11/2006 | Purchase | 658.4038011 OBR | 000002781 | 15/07/2025 | NB - Book (Non borrowing) | ||||||||||
| Dewey Decimal Classification | Alahram | Central Library | Central Library | First floor | 03/02/2009 | Purchase | 10 | 658.4038011 OBR | 000014550 | 15/07/2025 | Book - Borrowing | 283.00 | 06467 | 31 | 30/04/2018 | |||||
| Lost | Dewey Decimal Classification | Alahram | Central Library | Central Library | First floor | 03/02/2009 | Purchase | 658.4038011 OBR | 000002778 | 03/02/2009 | Book - Borrowing | Lost In Inventory_2005-2015/8/22 |